000 00651cam a2200277 4500
008 000000n2000 000 0 eng u
020 _a0421726709
035 _a(Sirsi) u109098
050 _a346.41043
100 _aChang, Chris
245 _aLand law nutcase.
250 _a2nd ed.
260 _aLondon
_bSweet & Maxwell
_c2000
300 _axx, 186p. ; 22cm.
350 _a5.95
490 _aSweet and Maxwell Nutcases
650 _aLAW
650 _aMORTGAGES
650 _aEASEMENTS
650 _aLEASES
650 _aCO-OWNERSHIP
650 _aCONVEYANCING
690 _aPROPERTY
700 _aWeldon, John
942 _n0
999 _c100882
_d100882